[Event "78th Armenian Chess Ch"]
[Site "Yerevan"]
[Date "2017.08.19"]
[Round "10"]
[White "Hayrapetyan, Hovik"]
[Black "Torosyan, Norayr"]
[Result "0-1"]
[WhiteElo "2502"]
[BlackElo "2350"]
[Annotator "TA"]
[PlyCount "68"]
[EventDate "2017.??.??"]
[EventCountry "ARM"]
[SourceTitle "playchess.com"]
[Source "ChessBase"]
[SourceQuality "1"]

{[%evp 19,68,-32,-32,-31,-34,-56,-35,-30,-30,-42,-36,-31,26,-16,-8,-22,0,0,0,0,0,0,0,-294,-281,-278,-268,-316,-174,-462,-469,-435,-427,-599,-599,-723,-718,-718,-528,-528,-506,-464,-446,-537,-413,-516,-413,-413,-406,-1587,-1395]} 1. c4 Nf6 2. g3 e6 3. Bg2 d5 4. Nf3 Be7 5. O-O O-O 6. b3 c5 7. Bb2 Nc6 8. e3 d4 9. exd4 cxd4 10. d3 e5 {LiveBook: 34 Games} 11. Qe2 {A14: English Opening: 1...e6 with b3 by White} (11. Re1 Qc7 12. Na3 Bg4 13. Nc2 a5 14. h3 Bh5 15. Qd2 Rfe8 16. a3 Rad8 17. b4 axb4 18. Nxb4 Bc5 {0-1 (56) Saric,I (2637)-Zelcic,R (2557) Stari Mikanovci 2011}) 11... Nd7 {[%cal Bf6d7,Bd7c5,Bc5d3,Bd3b4,Bb4d3][%mdl 32]} 12. Na3 $146 ({Predecessor:} 12. Nbd2 Re8 13. Ne1 Bf8 14. Nc2 a5 15. Rfe1 Nf6 16. Ne4 Nd7 17. Nd2 Nf6 18. Nf3 Nd7 {½-½ (18) Silva,A (2194)-Caselas Cabanas,J (2376) Vila Nova de Gaia 2004}) 12... Re8 13. Nc2 {Black is slightly better.} a5 14. Nd2 Nc5 15. Ba3 f5 (15... Bf5 $15 16. Bxc5 Bxc5) 16. Bxc6 (16. Bd5+ {with more complications.} Kh8 17. Rfe1 e4 18. dxe4 d3 19. Qe3) 16... bxc6 17. Qxe5 Nxd3 (17... Ne4 $5 18. dxe4 Bxa3 19. Qxd4 Qxd4 20. Nxd4 Bb2 21. Nxf5 (21. Nxc6 $2 Bxa1 22. Rxa1 Bb7 $19) 21... Bxa1 22. Rxa1 Bxf5 23. exf5 a4 $11) 18. Bxe7 Rxe7 19. Qxd4 Rd7 20. Qc3 Nb4 $36 {[%mdl 2048] Threatens to win with ...Rd3. Black is more active.} 21. Nb1 $2 {[%mdl 8192]} (21. Nf3 $11 {and White stays safe.} Rd3 22. Qb2) 21... Rd3 $19 22. Qb2 {[#]} f4 $1 {[%cal Rf4g3][%mdl 512] ...fxg3 is the strong threat.} 23. Ne1 (23. gxf4 Bh3) 23... Rd1 (23... Bh3 $142 24. Nxd3 Nxd3) 24. a3 $2 (24. Nc3 Rd2 25. Qc1) 24... Nd3 25. Qe2 Nc1 26. Qc2 (26. Qf3 $142 Bh3 27. gxf4 Bxf1 28. Kxf1) 26... Bh3 27. Ng2 Rxf1+ 28. Kxf1 f3 29. Qxc1 Qd3+ ({And not} 29... Bxg2+ 30. Kg1 $11) 30. Kg1 fxg2 31. Nd2 Rd8 32. b4 axb4 33. axb4 Qxd2 34. b5 (34. Qxd2 $142 Rxd2 35. Rb1) 34... Qe2 {Precision: White = 39%, Black = 59%.} 0-1

[Event "78th Armenian Chess Ch"]
[Site "Yerevan"]
[Date "2017.08.19"]
[Round "10"]
[White "Baghdasaryan, Vahe"]
[Black "Manukyan, Sargis A."]
[Result "0-1"]
[WhiteElo "2469"]
[BlackElo "2233"]
[Annotator "TA"]
[PlyCount "100"]
[EventDate "2017.??.??"]
[EventCountry "ARM"]
[SourceTitle "playchess.com"]
[Source "ChessBase"]
[SourceQuality "1"]

{[%evp 19,100,0,0,-27,0,-25,-22,-30,-31,-31,-27,-38,-29,-29,-15,-40,-15,-16,-4,-6,0,0,0,0,0,0,0,0,0,-87,-99,-90,-65,-77,-84,-80,-89,-143,-84,-79,-114,-99,-109,-177,-135,-258,-250,-260,-259,-263,-282,-274,-274,-562,-565,-556,-556,-567,-510,-772,-749,-723,-732,-964,-966,-915,-896,-904,-905,-1067,-1038,-897,-1098,-1138,-1071,-1753,-1605,-1615,-1619,-1502,-1425,-1243,-1194]} 1. g3 d5 2. Nf3 Nf6 3. Bg2 e6 4. O-O Be7 5. d3 O-O 6. Nbd2 Nc6 7. e4 dxe4 8. dxe4 e5 9. c3 a5 {A07: Réti Opening: New York and Capablanca Systems} 10. Qc2 Be6 {LiveBook: 4 Games} 11. a4 Bc5 {Black has an edge.} 12. Re1 $146 ({Predecessor:} 12. Ng5 Bd7 13. Nc4 Qe7 14. Ne3 Bxe3 15. Bxe3 Rad8 16. h3 Nb8 17. b4 {½-½ (64) Petrosian,T (2625)-Aronian,L (2784) Berlin 2015}) 12... Qe7 13. Nf1 Ng4 14. Ne3 Nxe3 15. Bxe3 Bxe3 16. Rxe3 Rfd8 17. Qe2 Qc5 18. Qb5 b6 19. Bf1 f6 20. Qxc5 bxc5 21. Ne1 Rab8 22. Nd3 c4 23. Nc5 Bf7 $36 {[%mdl 2048] Black has some pressure.} 24. Rb1 {[#]} (24. Re2 $11 {remains equal.}) 24... Kf8 $1 $17 25. f4 Rd6 26. Ree1 Ke7 27. Red1 Rb6 28. Bh3 (28. Be2 $142) 28... Nd8 (28... Rxb2 $142 29. Rdc1 Rxb1 30. Rxb1 exf4 31. gxf4 Nd8) 29. fxe5 fxe5 30. Bg4 h5 31. Bf5 (31. Be2 $17) 31... Be8 32. Bc8 (32. Rdc1 $17 {was the only chance.}) 32... Rb8 33. Bh3 {[#]} Rxb2 $1 {[%mdl 512]} 34. Rxb2 Rxd1+ 35. Kf2 Kd6 36. Ke2 $2 (36. Na6 {keeps fighting.} Nf7 37. Bf5) 36... Rh1 $19 {Black is clearly winning.} ({Weaker is} 36... Kxc5 37. Kxd1 Bxa4+ 38. Kc1 $11) 37. Rd2+ Kxc5 38. Rxd8 Rxh2+ {[%mdl 4096] Endgame KRB-KRB} 39. Kf3 (39. Kf1 $142 Bxa4 40. Bg2) 39... Bxa4 ({Less strong is} 39... Rxh3 40. Kg2 $17) 40. Rd5+ Kb6 41. Be6 Bb3 42. Bd7 c6 43. Rxe5 a4 {[%cal Ba5a4,Ba4a3,Ba3a2][%mdl 32]} 44. Re8 Kc7 45. Bf5 a3 46. Re7+ Kb6 {White must now prevent ...a2.} 47. Bc8 a2 48. Rb7+ Kc5 49. Ra7 Rh1 50. Ra5+ Kb6 {Precision: White = 36%, Black = 81%.} 0-1

[Event "78th Armenian Chess Ch"]
[Site "Yerevan"]
[Date "2017.08.19"]
[Round "10"]
[White "Harutjunyan, Gevorg"]
[Black "Hakobyan, Aram"]
[Result "0-1"]
[WhiteElo "2454"]
[BlackElo "2466"]
[Annotator "TA"]
[PlyCount "60"]
[EventDate "2017.??.??"]
[EventCountry "ARM"]
[SourceTitle "playchess.com"]
[Source "ChessBase"]
[SourceQuality "1"]

{[%evp 20,60,-10,0,12,-20,54,-64,-64,-85,-89,-77,-76,-77,-77,-66,-67,-80,-79,-55,-58,-75,0,-73,-77,-336,-159,-145,-165,-405,-245,-245,-150,-145,-154,-155,-164,-226,-295,-289,-281,-714,-714]} 1. e4 c6 2. d4 d5 3. e5 Bf5 4. Nc3 e6 5. g4 Bg6 6. Nge2 c5 7. Be3 Nc6 8. dxc5 Nxe5 {B12: Caro-Kann: Advance Variation} (8... h5 9. Nd4 hxg4 10. Bb5 Nge7 11. Qxg4 Qc7 12. f4 O-O-O 13. Bxc6 Nxc6 14. Qg3 Nxd4 15. Bxd4 Bxc5 16. O-O-O Bxd4 17. Rxd4 {0-1 (38) Salem,A (2564)-Khismatullin,D (2674) Sharjah 2014}) 9. Nf4 Nf6 10. Bb5+ Nc6 11. Qe2 {LiveBook: 3 Games} a6 12. Ba4 $146 (12. Bxc6+ $5 bxc6 13. O-O-O $11) ({Predecessor:} 12. Bxc6+ bxc6 13. h4 e5 14. h5 Be4 15. Nxe4 Nxe4 16. Nd3 {½-½ (38) Pranavananda,V (1971)-Kunal,M (2288) New Delhi 2012}) 12... Ne4 (12... Qc7 $11) 13. O-O-O (13. Bxc6+ $14 bxc6 14. Nxe4 Bxe4 15. f3) 13... Nxc3 $15 14. bxc3 Qa5 15. Nxd5 exd5 16. Bg5+ Be4 17. Bb3 Bxc5 18. Rxd5 O-O 19. Qxe4 Qxc3 {Hoping for ...Ba3+.} 20. Rd3 Qa1+ 21. Kd2 Qb2 $1 $36 {[%mdl 2048] ...Bb4+ is the strong threat. Black is really pushing.} 22. Bd5 $2 {[%mdl 8192]} (22. Be3 $17 Bxe3+ 23. fxe3) 22... Nd4 (22... Nb4 $19 {is more deadly.} 23. Rb3 Qxa2) 23. Rh3 $17 {[%csl Gh3][%cal Re4h7] [#]} g6 $1 {And now ...Rae8 would win.} 24. a3 $2 (24. Rc1) 24... Rac8 25. Rc1 Bb6 26. Bf6 {[#] Threatening mate with Qxg6+!} Nb3+ $1 {[%mdl 512]} 27. Rxb3 (27. Bxb3 Qxf6) 27... Qxf6 28. Rf3 (28. c4 $142) 28... Qg5+ $19 29. Kd1 Rfd8 30. c4 $2 {[#]} (30. Rd3 Bxf2 31. Qf3) 30... Rxd5+ $1 {[%mdl 512] Precision: White = 40%, Black = 60%.} 0-1

[Event "78th Armenian Chess Ch"]
[Site "Yerevan"]
[Date "2017.08.19"]
[Round "10"]
[White "Shahinyan, David"]
[Black "Mkrtchyan, Eduard"]
[Result "1-0"]
[WhiteElo "2428"]
[BlackElo "2203"]
[Annotator "TA"]
[PlyCount "69"]
[EventDate "2017.??.??"]
[EventCountry "ARM"]
[SourceTitle "playchess.com"]
[Source "ChessBase"]
[SourceQuality "1"]

{[%evp 15,69,-13,-1,-37,27,18,27,21,35,32,22,15,26,25,45,57,81,87,112,88,83,106,96,82,99,7,75,84,208,202,183,198,215,179,741,744,737,708,706,695,736,738,614,368,1612,1466,2138,138,1265,1243,1239,1142,795,779,748,306]} 1. g3 d5 2. Nf3 Nf6 3. Bg2 c5 4. O-O Nc6 5. d3 e5 6. Nbd2 {[%cal Bb1d2,Bd2c4,Bc4e3,Be3f5][%mdl 32]} Be7 7. e4 dxe4 8. dxe4 O-O {LiveBook: 19 Games. A08: King's Indian Attack} 9. Qe2 (9. Nc4 Qc7 10. Ne3 Rd8 11. Nd5 Nxd5 12. exd5 Bg4 13. h3 Bh5 14. Re1 Nd4 15. c3 Nxf3+ 16. Bxf3 Bxf3 17. Qxf3 {1-0 (54) Svidler,P (2746)-Jakovenko,D (2724) Riga 2013}) 9... Ne8 $146 (9... Nd4 $15 10. Nxd4 cxd4) ({Predecessor:} 9... Nd4 10. Nxd4 cxd4 11. Qb5 Qc7 12. Qc4 Qb6 13. Qd3 Bd7 14. c4 dxc3 15. Qxc3 Bb5 {½-½ (25) Velez Betancourt,N (2410)-Nogueiras Santiago,J (2495) Cuba 1982}) 10. Nc4 Qc7 {The position is equal.} 11. c3 Be6 12. Ne3 Rd8 13. h4 {[%cal Bh2h4,Bh4h5][%mdl 32]} Qb8 14. Nf5 f6 15. h5 Nd6 16. N3h4 $1 Rf7 17. Qg4 {Hoping for Nh6+.} Nxf5 18. exf5 Bd5 19. Bh3 {Black must now prevent c4.} e4 {[#]} 20. Bf4 (20. Ng6 $1 $16 {[%mdl 512]}) 20... Ne5 (20... Bd6 $1 $11 {keeps the balance.}) 21. Bxe5 $1 $16 Qxe5 {[#]} (21... fxe5 $16 {keeps fighting.} 22. Rfd1 e3) 22. Rfe1 $1 $18 Bf8 23. Bg2 Re8 {[#]} 24. Ng6 $1 $36 {[%cal Rg6e5][%mdl 2560] Keeping Black busy.} hxg6 $2 (24... Qc7) 25. hxg6 Rd7 26. Qh5 {[%csl Gg6][%cal Rh5h7]} Bd6 27. Rad1 c4 28. f4 Bc5+ 29. Kh2 Qc7 $2 {[#]} (29... Qd6 30. Bxe4 Rxe4 31. Rxe4 Bxe4 32. Rxd6 Rxd6) 30. Rxd5 $1 {[%mdl 512] White threatens Qh7+ and mate.} Rxd5 31. Qh7+ Kf8 32. Qh8+ {White is clearly winning.} Ke7 33. Rxe4+ Re5 34. Qxg7+ Kd8 35. Qxc7+ {Precision: White = 56%, Black = 23%.} 1-0

[Event "78th Armenian Chess Ch"]
[Site "Yerevan"]
[Date "2017.08.19"]
[Round "10"]
[White "Kalashian, David"]
[Black "Sargsyan, Shant"]
[Result "1/2-1/2"]
[WhiteElo "2389"]
[BlackElo "2416"]
[Annotator "TA"]
[PlyCount "193"]
[EventDate "2017.??.??"]
[EventCountry "ARM"]
[SourceTitle "playchess.com"]
[Source "ChessBase"]
[SourceQuality "1"]

{[%evp 20,192,0,0,11,-21,37,-5,-5,-19,0,0,0,0,0,0,0,0,0,0,0,0,29,33,27,25,15,31,31,26,50,22,17,0,33,4,51,44,49,47,43,37,70,29,34,8,52,0,0,0,0,0,0,0,0,0,0,0,0,0,1,0,0,0,0,0,0,0,0,0,1,1,1,1,1,1,1,1,1,0,0,0,1,1,1,1,1,0,0,0,0,0,0,0,1,1,1,0,0,0,0,0,0,0,0,0,0,0,0,0,0,0,0,0,0,0,0,0,0,0,1,0,0,0,0,0,0,0,0,0,0,0,0,0,0,0,0,0,0,0,0,0,6,6,6,0,0,0,0,0,0,0,0,0,0,0,0,0,0,0,0,0,0,0,0,0,0,0,0,0,0,0,0,0,0]} 1. d4 Nf6 2. c4 e6 3. Nf3 d5 4. Nc3 Bb4 5. e3 O-O 6. Bd3 c5 7. O-O dxc4 8. Bxc4 Nc6 9. a3 Ba5 10. h3 {E56: Nimzo-Indian: Rubinstein: Main Line: 7...Nc6} h6 11. Qd3 {LiveBook: 8 Games} a6 $146 ({Find the theoretical novelty and annotate with similar games:} 11... cxd4 12. exd4 Bc7 13. Rd1 b6 14. d5 exd5 15. Nxd5 Be6 16. Nxc7 Bxc4 17. Qc2 Qxc7 18. Qxc4 {½-½ (43) Potkin,V (2642)-Quesada Perez,Y (2625) Havana 2012}) 12. Rd1 Qe7 ({Better is} 12... b5 $11 13. Ba2 c4) 13. d5 Rd8 14. Qc2 exd5 (14... Bxc3 $5 15. dxc6 Rxd1+ 16. Qxd1 Ba5 $11) 15. Nxd5 Nxd5 16. Bxd5 Be6 17. Bxc6 bxc6 18. Bd2 Bc7 19. e4 Rab8 {[#] And now ...Bb3 would win.} 20. Bc3 Rxd1+ (20... Re8 $5 {[%cal Re6b3]}) 21. Qxd1 a5 22. Qe1 a4 23. Qe3 Rd8 24. Re1 Bb3 25. Qe2 Qe6 26. Qe3 Qe7 27. Nd2 Qg5 28. Qxg5 hxg5 29. Nxb3 axb3 $14 {[%mdl 4096] Endgame KRB-KRB} 30. Kf1 c4 31. e5 Rd3 32. Ke2 Rd5 33. Kf3 (33. Rc1 $14) 33... Ba5 $11 {The position is equal.} 34. Bxa5 Rxa5 {KR-KR} 35. Rc1 Rxa3 36. Rxc4 (36. bxa3 b2 $19) 36... Ra2 37. Rxc6 Rxb2 38. Rb6 Kh7 39. g3 g6 40. Rb7 Kg8 $1 41. Rb5 Kf8 42. Rb7 Kg8 43. Rb8+ (43. e6 $5 fxe6 44. Kg4 Rxf2 45. Kxg5 $11) 43... Kg7 44. Rb6 Kh7 45. e6 fxe6 46. Rxe6 Rc2 47. Rb6 Rc3+ 48. Ke4 Rc2 49. Kf3 Rc3+ 50. Ke4 Rc2 51. Rb7+ Kh6 52. Kf3 Rc3+ 53. Kg2 Rd3 54. Rc7 Rd1 {[#] Hoping for ...b2.} 55. Rb7 Rd3 56. Kf1 Rc3 57. Ke2 Rc2+ 58. Kf3 Rc3+ 59. Kg2 Rd3 60. Rb6 Kg7 61. Kf1 Rc3 62. Ke2 Kh6 63. Rb4 Kg7 64. Kd2 Rf3 65. Ke1 (65. Ke2 $5 {[%cal Re2f3]} Rc3 66. Kd1 $11) 65... Rc3 66. Ke2 Kh6 67. Rb5 Rc2+ 68. Ke3 Rc3+ 69. Ke4 (69. Kd2 $5 {[%cal Rd2c3]} Rc2+ 70. Ke3 $11) 69... Rc2 70. Kf3 Rc3+ 71. Kg4 Rc4+ 72. f4 gxf4 73. gxf4 Rc3 74. Rb7 Rd3 75. h4 Rc3 76. Rb5 Kg7 77. Rb6 Rd3 78. h5 gxh5+ 79. Kxh5 Rg3 80. Kh4 Rg1 (80... Re3 {looks sharper.} 81. Kg5 Kf7 82. f5 Rg3+ 83. Kf4 Rg1) 81. Rxb3 Kf6 82. Rg3 Rxg3 83. Kxg3 {KP-K} Kf5 84. Kf3 Kf6 85. Ke4 Ke6 86. f5+ Kf6 87. Kf4 Kf7 88. Kg5 Kg7 89. f6+ Kf7 90. Kf5 Kf8 91. Kf4 Kf7 92. Ke5 Kf8 93. Kf4 Kf7 94. Kf5 Kf8 95. Kg6 {f7 would kill now.} Kg8 96. f7+ Kf8 97. Kf6 $2 {[%mdl 8192] Precision: White = 79%, Black = 80%.} (97. Kg5 Kxf7) 1/2-1/2

[Event "78th Armenian Chess Ch"]
[Site "Yerevan"]
[Date "2017.08.20"]
[Round "11"]
[White "Mikaelyan, Arman"]
[Black "Shahinyan, David"]
[Result "*"]
[WhiteElo "2486"]
[BlackElo "2428"]
[Annotator "TA"]
[PlyCount "60"]
[EventDate "2017.??.??"]
[EventCountry "ARM"]
[SourceTitle "playchess.com"]
[Source "ChessBase"]
[SourceQuality "1"]

{[%evp 10,60,24,23,31,13,13,0,0,-21,-30,-41,-51,-52,-35,-70,-32,-36,-26,-41,-37,-33,-29,-75,-83,-80,-81,-90,-56,-58,-50,-56,-63,-48,-70,-68,-50,-50,-55,-46,-47,-146,-137,-142,-138,-133,-136,-141,0,0,28,0,0]} 1. d4 e6 2. Bf4 f5 3. e3 Nf6 4. Be2 b6 5. Bf3 d5 6. c4 {LiveBook: 3 Games. A80: Dutch Defence: Unusual White second moves} c6 7. Ne2 Be7 8. Nbc3 O-O 9. h3 $146 ({Predecessor:} 9. Qb3 Kh8 10. h3 Ne4 11. g4 Nd6 12. cxd5 exd5 {½-½ (44) Lempert,I (2495)-Malaniuk,V (2595) Alushta 1994}) 9... dxc4 10. Bxb8 Rxb8 11. Bxc6 Bd7 12. Bf3 Bd6 13. b3 Qc7 14. O-O b5 {[%cal Bb6b5,Bb5b4][%mdl 32]} 15. bxc4 Qxc4 16. Qb3 Rfc8 17. Rfc1 a5 $1 18. Qb2 b4 19. Na4 Qb5 $36 {[%mdl 2048] [#] Black fights for an advantage.} 20. Nc5 $1 {[%mdl 512]} Bxc5 21. dxc5 Rxc5 22. Nd4 Rxc1+ 23. Rxc1 Qe5 24. Bc6 Qd6 25. Qb3 (25. Rc4 $15) 25... Rc8 $17 {[%cal Rd7c6]} 26. Nxf5 Qf8 $1 {Threatens to win with ...a4.} 27. Nd4 Qe8 $1 {[%cal Rd7c6]} 28. Qc4 {[#]} Kh8 ({Black should try} 28... a4 $1 $17 {Strongly threatening ...Kh8.} 29. Qb5 {[#]} b3 $1 {[%mdl 512]} 30. axb3 axb3 31. Qxb3 Bxc6 32. Qxe6+ Qxe6 33. Nxe6 Bd7 34. Rxc8+ Bxc8) 29. Qa6 $1 $11 e5 30. Rc2 (30. Rc5 $5 {[%cal Rc6d7]} Bxc6 31. Nxc6 $11) 30... Qd8 {Precision: White = 54%, Black = 64%.} *

[Event "78th Armenian Chess Ch"]
[Site "Yerevan"]
[Date "2017.08.20"]
[Round "11"]
[White "Hakobyan, Aram"]
[Black "Baghdasaryan, Vahe"]
[Result "1-0"]
[WhiteElo "2466"]
[BlackElo "2469"]
[Annotator "TA"]
[PlyCount "43"]
[EventDate "2017.??.??"]
[EventCountry "ARM"]
[SourceTitle "playchess.com"]
[Source "ChessBase"]
[SourceQuality "1"]

{[%evp 14,43,13,8,90,90,83,96,84,85,160,163,222,218,229,192,248,250,333,318,591,580,575,575,708,691,687,595,627,626,612,608]} 1. Nf3 d5 2. c4 c6 3. g3 Nf6 4. Bg2 Bg4 5. d4 e6 6. O-O Nbd7 7. h3 {D11: Slav Defence: 3 Nf3 sidelines and 3...Nf6 4 e3 Bg4} (7. Qb3 Qb6 8. c5 Qa6 9. Nc3 b6 10. cxb6 axb6 11. Re1 Bxf3 12. Bxf3 Be7 13. e4 dxe4 14. Nxe4 Nd5 15. Nc3 {0-1 (54) Adly,A (2599)-Wojtaszek,R (2749) Doha 2016}) 7... Bxf3 8. Bxf3 {LiveBook: 7 Games} Ne4 $146 (8... dxc4 $11 {keeps the balance.} 9. Nd2 Nb6) ({Predecessor:} 8... Be7 9. Qb3 Qb6 10. Rd1 O-O 11. Nc3 Qa6 12. cxd5 exd5 {0-1 (94) Zimina,O (2395)-Osmak,I (2348) Riga 2017}) 9. cxd5 $16 {White is better.} exd5 10. Bxe4 dxe4 11. Nc3 f5 ({Black should play} 11... Be7) 12. Qb3 Qf6 (12... Nb6 {was worth a try.} 13. Qe6+ Be7) 13. Qxb7 $18 Rb8 14. Qc7 Be7 (14... g5 {is a better defense.} 15. d5 c5 16. Qxa7 Bd6) 15. Bf4 Qe6 16. Rfd1 ({Much less strong is} 16. Qxa7 Rxb2 17. Rab1 Rc2 $18) 16... g5 $2 {[#]} (16... Kf7 {might work better.} 17. d5 (17. Qxa7 Ra8 $18) 17... cxd5 18. Rxd5 Nb6) 17. d5 {White is clearly winning.} cxd5 18. Nxd5 {[%cal Bc3d5,Bd5e7,Be7f5][%mdl 32]} Bd8 19. Qc4 {White threatens Nc7+ and mate.} O-O 20. Bxb8 Nxb8 {[#]} 21. Ne7+ $1 {[%mdl 512]} Kf7 (21... Bxe7 22. Qxe6+) 22. Nxf5 {Precision: White = 97%, Black = 13%.} 1-0

[Event "78th Armenian Chess Ch"]
[Site "Yerevan"]
[Date "2017.08.20"]
[Round "11"]
[White "Sargsyan, Shant"]
[Black "Harutjunyan, Gevorg"]
[Result "*"]
[WhiteElo "2416"]
[BlackElo "2454"]
[Annotator "TA"]
[PlyCount "49"]
[EventDate "2017.??.??"]
[EventCountry "ARM"]
[SourceTitle "playchess.com"]
[Source "ChessBase"]
[SourceQuality "1"]

{[%evp 13,49,26,41,20,43,32,33,25,29,31,75,18,41,34,43,15,32,-4,-2,-29,-22,-15,0,-3,0,-9,6,0,0,0,0,0,0,0,0,0,0,0]} 1. d4 d5 2. c4 Nc6 3. cxd5 Qxd5 4. e3 e5 5. Nc3 Bb4 6. Bd2 Bxc3 7. bxc3 Qd6 {LiveBook: 92 Games} 8. Qb3 {D07: Queen's Gambit: Chigorin Defence} Nge7 9. Bc1 $146 ({Predecessor:} 9. Bd3 O-O 10. Nf3 b6 11. O-O Bb7 12. Qc2 f5 13. e4 h6 14. exf5 exd4 15. Rfe1 Qc5 {1-0 (26) Pushkov,N (2513)-Jorgensen,J (2262) Dresden 2008}) 9... Be6 10. Ba3 {White is slightly better.} Bxb3 11. Bxd6 Be6 12. Ba3 ({White should play} 12. Bxc7 $16 Nd5 13. Bxe5) 12... exd4 13. cxd4 O-O-O 14. Ne2 Nd5 15. O-O-O f5 16. Kb2 Rhe8 17. Rc1 {The position is equal.} Bf7 18. g3 $1 g5 {[%cal Bg7g5,Bg5g4][%mdl 32]} 19. Bh3 g4 20. Bg2 Na5 21. Ka1 Nc4 22. Rxc4 Nxe3 $1 23. Rxc7+ Kxc7 24. fxe3 Rxe3 25. Rc1+ {Precision: White = 46%, Black = 52%.} *

[Event "78th Armenian Chess Ch"]
[Site "Yerevan"]
[Date "2017.08.20"]
[Round "11"]
[White "Torosyan, Norayr"]
[Black "Petrosyan, Manuel"]
[Result "1/2-1/2"]
[WhiteElo "2350"]
[BlackElo "2565"]
[Annotator "TA"]
[PlyCount "57"]
[EventDate "2017.??.??"]
[EventCountry "ARM"]
[SourceTitle "playchess.com"]
[Source "ChessBase"]
[SourceQuality "1"]

{[%evp 23,57,21,17,-26,0,0,4,-5,-4,-18,-14,-36,-6,-2,0,-5,0,-2,16,16,33,0,0,0,0,0,15,0,0,0,0,0,2,0,0,0]} 1. e4 e5 2. Nf3 Nc6 3. Bb5 a6 4. Ba4 Nf6 5. O-O Be7 6. d3 b5 7. Bb3 d6 8. a3 O-O 9. Nc3 {[%cal Bb1c3,Bc3e2,Be2g3,Bg3f5][%mdl 32]} Nb8 {[%cal Bc6b8,Bb8d7,Bd7c5][%mdl 32] C77: Ruy Lopez: 3...a6 4 Ba4 Nf6, unusual lines} 10. Ne2 Nbd7 11. Ng3 Nc5 12. Ba2 Be6 {LiveBook: 5 Games} 13. Nf5 $146 ({Find the theoretical novelty and annotate with similar games:} 13. Re1 Bxa2 14. Rxa2 g6 15. d4 Ncd7 16. b3 c5 17. dxe5 dxe5 {½-½ (48) Inarkiev,E (2732)-Duda,J (2678) Germany 2017}) 13... Bxa2 (13... Bxf5 $5 14. exf5 Qc8 $11) 14. Rxa2 Re8 15. b4 Ne6 16. a4 Bf8 17. c3 c6 18. Qb3 Qc7 19. Re1 g6 20. Nh6+ Kg7 (20... Bxh6 $5 21. Bxh6 c5 $11) 21. g3 Qb7 22. axb5 axb5 {The position is equal.} 23. Rxa8 Rxa8 24. d4 Qc7 25. Ng5 Nxg5 26. Bxg5 Ng8 27. Nxg8 $1 Kxg8 28. dxe5 dxe5 29. Rd1 {Precision: White = 38%, Black = 41%.} 1/2-1/2

[Event "78th Armenian Chess Ch"]
[Site "Yerevan"]
[Date "2017.08.20"]
[Round "11"]
[White "Danielyan, Vahe"]
[Black "Harutyunian, Tigran K"]
[Result "0-1"]
[WhiteElo "2344"]
[BlackElo "2513"]
[Annotator "TA"]
[PlyCount "44"]
[EventDate "2017.??.??"]
[EventCountry "ARM"]
[SourceTitle "playchess.com"]
[Source "ChessBase"]
[SourceQuality "1"]

{[%evp 12,44,13,16,29,22,13,26,13,14,77,-45,-54,-57,-52,-55,-14,-17,-25,-31,-46,-76,-24,-212,-189,-197,-181,-189,-191,-154,-154,-200,-192,-798,-792]} 1. Nf3 d5 2. c4 d4 3. g3 Nc6 4. Bg2 e5 5. O-O e4 6. Ne1 {A09: Réti Opening: 1 Nf3 d5 2 c4} h5 7. Bxe4 {LiveBook: 7 Games} Nf6 {[%cal Bg8f6,Bf6g4,Bg4h2,Bh2f1][%mdl 32]} 8. Bxc6+ $146 {White has an edge.} ({Find the theoretical novelty and annotate with similar games:} 8. Bg2 h4 9. d3 hxg3 10. hxg3 Bh3 11. Bxh3 Rxh3 12. Kg2 Qd7 13. Nf3 {½-½ (81) Zubov,A (2627)-Harutyunian,T (2462) Yerevan 2016}) 8... bxc6 9. Nf3 h4 10. d3 Bd6 (10... hxg3 $11 11. fxg3 Ng4) 11. Nxh4 (11. Bg5 $1 $16) 11... Rxh4 $15 12. gxh4 {Hoping for Nd2.} Ng4 $1 13. Bg5 Qd7 {[%mdl 1024] Black has compensation.} 14. h3 f6 15. e4 Nh2 16. Qh5+ Kf8 $1 {[%cal Be8f8,Bf8f7,Bf7g8][%mdl 32]} 17. Qh8+ $2 (17. Nd2 $1 $11) 17... Kf7 $19 {( -> ...Nf3+)} 18. Nd2 ({Much weaker is} 18. Qh5+ Kg8 $17) 18... Nxf1 19. Rxf1 Qxh3 $40 {[%csl Gd6][%cal Rh3h2][%mdl 128] Black goes for the king.} ({Weaker is} 19... fxg5 20. e5 $11) 20. Qh5+ Kg8 $1 {[%csl Gd6][%cal Rh3h2]} 21. Qe8+ {[#]} Bf8 $1 22. Bf4 $2 {[#]} (22. Bxf6 gxf6 23. Qg6+ Kh8 24. Qxf6+ Bg7 25. Qg5) 22... Qg4+ $1 {Precision: White = 33%, Black = 80%.} 0-1

[Event "78th Armenian Chess Ch"]
[Site "Yerevan"]
[Date "2017.08.20"]
[Round "11"]
[White "Manukyan, Sargis A"]
[Black "Hayrapetyan, Hovik"]
[Result "*"]
[WhiteElo "2233"]
[BlackElo "2502"]
[Annotator "TA"]
[PlyCount "47"]
[EventDate "2017.??.??"]
[EventCountry "ARM"]
[SourceTitle "playchess.com"]
[Source "ChessBase"]
[SourceQuality "1"]

{[%evp 15,47,27,43,9,24,32,20,35,30,0,0,-22,-1,-41,-26,-20,-8,-39,-37,-44,-30,-48,-45,-54,-80,-65,-16,-79,-59,-100,-94,-85,-114,-103]} 1. d4 Nf6 2. c4 g6 3. Nc3 d5 4. Bf4 Bg7 5. e3 c6 6. h3 O-O 7. Nf3 {[%cal Bg1f3,Bf3d2,Bd2b3,Bb3c5][%mdl 32]} c5 8. dxc5 {D93: Grünfeld: 4 Nf3 Bg7 5 Bf4 0-0 6 e3} Qa5 {LiveBook: 6 Games} 9. Nd2 dxc4 (9... Ne4 $5) 10. Bxc4 {White has an edge.} Qxc5 11. Rc1 {Hoping for Nb5.} Nc6 12. Nb5 Qf5 $146 ({Find the theoretical novelty and annotate with similar games:} 12... Qh5 13. O-O Bd7 14. Be2 Qd5 15. Nc7 Qxa2 {1-0 (26) Svetushkin,D (2569)-Martin Rodriguez,E (2142) Roquetas de Mar 2016}) 13. Nb3 a6 14. Nc7 (14. g4 $5 {[%cal Rg4f5]} Qd7 15. Nc3 $11) 14... Ra7 $1 {aiming for ...e5.} 15. Nc5 {[#] And now g4 would win.} Nd7 16. Bd3 Qf6 17. Nd5 Qxb2 {...Nxc5 is the strong threat.} 18. Rc2 {[%cal Bc1c2,Bc2d2,Bd2d5][%mdl 32]} Qa3 19. Nxd7 $1 Bxd7 20. O-O Be6 21. Be2 (21. Be4 $1 $11 {remains equal.}) 21... Raa8 {[#] White must now prevent ...Bxd5.} 22. Rd2 Bxd5 23. Rxd5 Qxa2 24. Bf3 {Precision: White = 39%, Black = 72%.} *